Agenda Melayu : Perjuangan yang tergendala /
| Main Author: | |
|---|---|
| Format: | Book |
| Published: |
Batu Caves, Selangor:
Crescent News,
2005.
|
| Subjects: |
| LEADER | 00501cam a2200169 7i4500 | ||
|---|---|---|---|
| 001 | 0000023885 | ||
| 005 | 20151104090000.0 | ||
| 005 | ##20151104125900.0 | ||
| 003 | ##MY-KlINT | ||
| 020 | # | # | |a 9830615413 |
| 039 | # | 9 | |y 201511041259 |z VLOAD |
| 090 | 0 | 0 | |a E-MDE(S) 324.2595 |b JOH |
| 100 | 1 | # | |a Johari Ismail |
| 245 | 0 | 0 | |a Agenda Melayu : |b Perjuangan yang tergendala / |c Johari Ismail. |
| 260 | # | # | |a Batu Caves, Selangor: |b Crescent News, |c 2005. |
| 300 | # | # | |a 188ms: |b il; |c 22cm. |
| 650 | # | 0 | |a Politics and government -- |z Malaysia |